000 00469nam a22001817a 4500
003 CEME
005 20210628202828.0
008 210118b xxu||||| |||| 00| 0 eng d
020 _a81-8274-128-9
040 _c.
082 _a620.5 NAN
100 _aDiwan, Parag. Dr, Bharadwaj, Ashish
_961678
245 _aNanotechnology revolution
260 _aNEW DELHI
_bPENTAGON PRESS
_c2006
300 _aXVII,318 P
650 _aNANOTECHNOLOGY.
_92826
942 _cBK
_2ddc
999 _c571144
_d571144